| 000 | 02356nam0a2200457 4500 | ||
|---|---|---|---|
| 001 | RU\NLR\bibl\1464506 | ||
| 005 | 20260407175339.0 | ||
| 010 |
_a978-5-98901-058-5 _9400 |
||
| 021 |
_aRU _b2009-95546 _96064 |
||
| 035 | _a(nilc)RSL-KNO-004418283 | ||
| 035 | _aRU\NSKC\63011034\CAT\599713 | ||
| 035 | _aLIBNET\0000052166 | ||
| 035 | _a(NLR Aleph) 001456249 | ||
| 090 |
_a1554567 _c1554567 |
||
| 100 | _a20091120d2009 |||y0rusy50 ca | ||
| 101 | 0 | _arus | |
| 102 | _aRU | ||
| 105 | _aa ||||||||| | ||
| 200 | 1 |
_aНиколай Никитович Пузырев _eон долго был с нами _fРоссийская акад. наук, Сибирское отд-ние, Ин-т нефтегазовой геологии и геофизики им. А. А. Трофимука _g[авт.-сост.: к.т.н. В. А. Куликов] _gотв. ред. акад.М. И. Эпов, акад. А. Э. Конторович |
|
| 210 |
_aНовосибирск _cПараллель _d2009 |
||
| 215 |
_a200 с., [1] л. портр. _cил., цв. ил., портр., факс. _d25 |
||
| 225 | 1 |
_aНаука Сибири в лицах _fгл. ред. А.П. Деревянко |
|
| 320 | _aХронол. указ. трудов Н. Н. Пузырева, 1940-2001: с. 154-176 | ||
| 600 | 1 |
_aПузырев _bН.Н. _f1914 - 2005 _gНиколай Никитович _92113766 _3RU\NLR\auth\661277172 |
|
| 686 |
_aД21д(2)ПузыревН.Н.я43 _2rubbk |
||
| 686 |
_aД2д(2)Пузырев,Н.Н. _vLBC/SL _2rubbk |
||
| 686 |
_a37.01 _2rugasnti |
||
| 686 | _aД44д(2)Пузырев | ||
| 702 | 1 |
_aКуликов _bВ. А. _4220 |
|
| 702 | 1 |
_4340 _8rus _7ca _aЭпов _bМ. И. _f1950- _gМихаил Иванович _3RU\NLR\AUTH\7737328 _920317 |
|
| 702 | 1 |
_4570 _8rus _7ca _aПузырев _bН. Н. _f1914-2005 _gНиколай Никитович _3RU\NLR\auth\7786626 _969554 |
|
| 712 | 0 | 2 |
_4570 _aИнститут нефтегазовой геологии и геофизики им. А. А. Трофимука _cНовосибирск _3RU\NLR\AUTH\8810113204 _9726005 |
| 801 | 0 |
_aRU _bРГБ _c20091120 _grcr |
|
| 801 | 1 |
_aRU _bРГБ _c20091120 |
|
| 801 | 2 |
_aRU _bГПНТБ СО РАН _c20050126 _gPSBO |
|
| 801 | 2 |
_aRU _bГПНТБ СО РАН _c20100802 |
|
| 801 | 2 |
_aRU _bNLR _c20100125 _grcr |
|
| 942 | _cBOOK | ||
| 980 | _aNB | ||